Assessment and Strengthening of Bearing Capacity of an Existing Public Steucture of South Aegean Prefecture in Rhodes Island/Post Graduate Thesis (Record no. 8432)
[ view plain ]
| 000 -LEADER | |
|---|---|
| fixed length control field | 01429cam a22001934a 4500 |
| 005 - ΗΜΕΡΟΜΗΝΙΑ ΚΑΙ ΩΡΑ ΤΕΛΕΥΤΑΙΑΣ ΕΝΗΜΕΡΩΣΗΣ | |
| Πεδίο ελέγχου | 20250605164335.0 |
| 008 - FIXED-LENGTH DATA ELEMENTS--GENERAL INFORMATION | |
| Πεδίο ελέγχου σταθερού μήκους | 250528s ||||||||||||||||||||||||d |
| 035 ## - SYSTEM CONTROL NUMBER | |
| System control number | 23412 |
| 040 ## - ΠΗΓΗ ΚΑΤΑΛΟΓΟΓΡΑΦΗΣΗΣ | |
| Φορέας πρωτότυπης καταλογογράφησης | MC Athens Campus Library |
| Γλώσσα καταλογογράφησης | Ελληνικά, Μοντέρνα (1453-) |
| Modifying agency | MC Athens Campus Library |
| Κανόνες περιγραφικής καταλογογράφησης | AACR2 |
| 245 1# - ΤΙΤΛΟΣ ΚΑΙ ΔΗΛΩΣΗ ΥΠΕΥΘΥΝΟΤΗΤΑΣ | |
| Τίτλος | Assessment and Strengthening of Bearing Capacity of an Existing Public Steucture of South Aegean Prefecture in Rhodes Island/Post Graduate Thesis |
| 260 ## - PUBLICATION, DISTRIBUTION, ETC. | |
| Date of publication, distribution, etc. | 2018 |
| 300 ## - PHYSICAL DESCRIPTION | |
| Extent | 114 |
| 520 ## - SUMMARY, ETC. | |
| Summary, etc. | Acknowledgements, Table of Contents, Assessment and Strengthening in Construction, The Concept of Intervension in an Existing Structure, Main (or Primary) and Secondary Elements, Assessment of the Carrying Capacity of an Existing Structure, Elastic (Equivalent) Static Analysis, NonLinear Inelastic Static Analysis ''Pushover'', Assessment of Structure and Members' Behavior Indicators, Aid Intervention, Description of the Existing Construction, General Data, Quality of Carrier Materials, Assessment of Existing Structure, Description of the Calculative Simulations of the Under Design Structure, Loadings, Simulation Assumptions, General Data for the Assement of the Existing Building, Eigenvalue Analysis of the Structure, Static Inelastic Analysis of the Construction, Redesign and Strengthening of the Existing Structure, Conclusions, References. |
| 700 1# - ΠΡΟΣΘΕΤΗ ΑΝΑΓΡΑΦΗ--ΦΥΣΙΚΟ ΠΡΟΣΩΠΟ | |
| Personal name | Christodoulopoulos Ioannis |
| 9 (RLIN) | 8980 |
| 700 1# - ΠΡΟΣΘΕΤΗ ΑΝΑΓΡΑΦΗ--ΦΥΣΙΚΟ ΠΡΟΣΩΠΟ | |
| Personal name | Kardala Maria |
| 9 (RLIN) | 8981 |
| 942 ## - ADDED ENTRY ELEMENTS (KOHA) | |
| Koha item type | Διπλωματική εργασία |
| Τύπος τεκμηρίου | Βιβλιοθήκη | Τρέχουσα τοποθεσία | Barcode | Ημερομηνία απόκτησης | Ταξιθετικό σύμβολο | Αριθμός αντιτύπου | Κατάσταση απόσυρσης | Κατάσταση χαμένου | Κατάσταση κατεστραμμένου | Μη δανεισμός | Σύνολο δανεισμών | Ημερομηνία τελευταίας εμφάνισης | Η τιμή ισχύει από |
|---|---|---|---|---|---|---|---|---|---|---|---|---|---|
| Διπλωματική εργασία | MC Athens Campus Library | MC Athens Campus Library | 9780000084316 | 05/06/2025 | ENG 2018 (3) | 1 | 05/06/2025 | 05/06/2025 |